ARRUPE JESUIT UNIVERSITY

CORONAVIRUS -STOP THE SPREAD - CLEAN,DISINFECT,COVER

Deconstruction and pragmatism / (Record no. 119878)

MARC details
000 -LEADER
fixed length control field 01125pam a2200313 a 4500
001 - CONTROL NUMBER
control field 2088058
003 - CONTROL NUMBER IDENTIFIER
control field ARRUPE
005 - DATE AND TIME OF LATEST TRANSACTION
control field 20140203125911.0
008 - FIXED-LENGTH DATA ELEMENTS--GENERAL INFORMATION
fixed length control field 951201s1996 enk b 000 0 eng
010 ## - LIBRARY OF CONGRESS CONTROL NUMBER
LC control number 95026619
020 ## - INTERNATIONAL STANDARD BOOK NUMBER
International Standard Book Number 0415121698
020 ## - INTERNATIONAL STANDARD BOOK NUMBER
International Standard Book Number 0415121701 (pbk.)
040 ## - CATALOGING SOURCE
Original cataloging agency DLC
Transcribing agency DLC
Modifying agency DLC
050 00 - LIBRARY OF CONGRESS CALL NUMBER
Classification number B2430.D484
Item number D39 1996
300 ## - PHYSICAL DESCRIPTION
Dimensions 24 cm.
245 00 - TITLE STATEMENT
Title Deconstruction and pragmatism /
Statement of responsibility, etc Simon Critchley ... [et al.] ; edited by Chantal Mouffe.
260 ## - PUBLICATION, DISTRIBUTION, ETC. (IMPRINT)
Place of publication, distribution, etc London ;
-- New York :
Name of publisher, distributor, etc Routledge,
Date of publication, distribution, etc 1996.
300 ## - PHYSICAL DESCRIPTION
Extent ix, 88 p. ;
504 ## - BIBLIOGRAPHY, ETC. NOTE
Bibliography, etc Includes bibliographical references.
600 10 - SUBJECT ADDED ENTRY--PERSONAL NAME
Personal name Derrida, Jacques.
9 (RLIN) 7697
600 10 - SUBJECT ADDED ENTRY--PERSONAL NAME
Personal name Rorty, Richard.
9 (RLIN) 7698
650 #0 - SUBJECT ADDED ENTRY--TOPICAL TERM
Topical term or geographic name as entry element Deconstruction.
9 (RLIN) 7699
650 #0 - SUBJECT ADDED ENTRY--TOPICAL TERM
Topical term or geographic name as entry element Pragmatism.
9 (RLIN) 7700
700 1# - ADDED ENTRY--PERSONAL NAME
Personal name Critchley, Simon,
Dates associated with a name 1960-
9 (RLIN) 7701
700 1# - ADDED ENTRY--PERSONAL NAME
Personal name Mouffe, Chantal.
9 (RLIN) 7702
856 42 - ELECTRONIC LOCATION AND ACCESS
Materials specified Publisher description
Uniform Resource Identifier <a href="http://www.loc.gov/catdir/enhancements/fy0649/95026619-d.html">http://www.loc.gov/catdir/enhancements/fy0649/95026619-d.html</a>
906 ## - LOCAL DATA ELEMENT F, LDF (RLIN)
a 7
b cbc
c orignew
d 1
e ocip
f 19
g y-gencatlg
942 ## - ADDED ENTRY ELEMENTS (KOHA)
Source of classification or shelving scheme Library of Congress Classification
Koha item type Monograph ( Printed materials)
Holdings
Withdrawn status Lost status Source of classification or shelving scheme Damaged status Not for loan Home library Current library Shelving location Date acquired Total Checkouts Full call number Barcode Date last seen Date checked out Price effective from Koha item type
    Library of Congress Classification     ARRUPE LIBRARY ARRUPE LIBRARY Main Collection 03/02/2014 1 B2430.D484 D39 1996 46412123 21/04/2026 15/01/2026 03/02/2014 Monograph ( Printed materials)

 

Arrupe Library. PO Box MP320 Mt Pleasant, Harare, Zimbabwe
263 242 745411|librarian@aju.ac.zw